000 00340nam a22001337a 4500
008 170412b xxu||||| |||| 00| 0 eng d
020 _a9780781774345
041 _aeng
080 _25TH
_a612.39
100 _a10
101 _aSHM
245 _aCOMMUNICATION AND EDUCATION SKILLS FOR DIETETICS PROFESSIONALS
_cHOLLI, B.B
942 _2udc
_cBK
999 _c10476
_d10476